Chefs-d'oeuvre dramatiques de Blin de Sainmore, Imbert, et Forgeot

Hlavní autor: Blin de Sainmore, Adrien-Michel-Hyacinthe, 1733-1807
Další autoři: Imbert, Barthélemy, 1747-1790, Forgeot, Nicolas-Julien, 1758-1798
Jazyk: Francouzština
Vydáno: Paris : Imprimerie de Jules Didot, 1824
Edice: Répertoire du Théatre français
Témata:
Fyzický popis: 286 stran ; 14 cm
Knihy
Uloženo v:
LEADER 01374nam a22003377i 4500
001 001843667
003 CZ BrMZK
005 20230927151252.0
007 ta
008 221219s1824 fr er|||||||||||fre d
040 |a BOA001  |b cze  |e rda 
072 7 |x Francouzské drama, francouzsky psané  |a 821.133.1-2  |2 Konspekt  |9 25 
080 9 |a 821.133.1-2  |2 MRF 
100 1 |a Blin de Sainmore, Adrien-Michel-Hyacinthe,  |d 1733-1807  |7 mzk2009528225  |4 aut 
245 1 0 |a Chefs-d'oeuvre dramatiques de Blin de Sainmore, Imbert, et Forgeot 
264 1 |a Paris :  |b Imprimerie de Jules Didot,  |c 1824 
300 |a 286 stran ;  |c 14 cm 
336 |a text  |b txt  |2 rdacontent 
337 |a bez média  |b n  |2 rdamedia 
338 |a svazek  |b nc  |2 rdacarrier 
490 1 |a Répertoire du Théatre français ;  |v ordre 2, tome 35 
505 0 0 |t Orphanis /  |r par Blin de Sainmore --  |t Jaloux sans amour /  |r par Imbert --  |t Rivaux amis /  |r par Forgeot --  |t Épreuves /  |r par Blin de Sainmore 
650 0 7 |a francouzské drama  |7 ph120369  |2 czenas 
700 1 |a Imbert, Barthélemy,  |d 1747-1790  |7 xx0020520  |4 aut 
700 1 |a Forgeot, Nicolas-Julien,  |d 1758-1798  |7 mzk20231202422  |4 aut 
830 0 |a Répertoire du Théatre français 
910 |a BOA001  |b 1-0063.837,2/35 
990 |a BK 
993 |a Y 
991 |b 202212 
996 6 |b 2618740647  |c 1-0063.837,2/35  |l MZK  |r Sklad / do 1 hodiny  |n 0  |w 001909125  |u 000010  |a 1  |e BOA001  |j MZK50  |s P